000 01172nam0a2200301 4500
001 RU\NLR\bibl\1408425
005 20250615210544.0
010 _a978-5-91218-013-2
_9500
021 _aRU
_b2009-51647
_93171
035 _a(NLR Aleph) 001400417
090 _a1218844
_c1218844
100 _a20090907d2008 |||y0rusy50 ca
101 0 _arus
102 _aRU
105 _ay |||||||||
200 1 _aЗабытая революция
_eсложное рождение первой Государственной Думы (1906)
_eнаучно-практическое пособие
_fИгорь Пеллицциари
_g[предисл.: Г.П. Ивлиева]
210 _aМосква
_cРусское слово
_d2008
215 _a196, [2] с.
_d20
320 _aБиблиогр.: с. 187-197
601 0 1 _aРоссия
_bГосударственная дума
_jПрактические пособия
_9912486
_3RU\NLR\auth\6613827
686 _aТ3(2)52-5
686 _aХ809(2)62я7
700 1 _aПеллицциари
_bИ.
_gИгорь
_4070
801 0 _aRU
_bNLR
_c20090907
_gRCR
801 1 _aRU
_bNLR
_c20090907
942 _cBOOK
980 _aNB